Bulgaria oblasts - Statistics

General Stats
  • This quiz has been taken 20 times
  • The average score is 19 of 28
Answer Stats
Answer % Correct
Varna
100%
Dobrich
82%
Plovdiv
82%
Burgas
76%
Montana
76%
Sliven
76%
Vidin
76%
Kyustendil
71%
Pernik
71%
Razgrad
71%
Shumen
71%
Silistra
71%
Sofia City
71%
Yambol
71%
Blagoevgrad
65%
Haskovo
65%
Lovech
65%
Ruse
65%
Veliko Tarnovo
65%
Vratsa
65%
Kardzhali
59%
Pazardzhik
59%
Pleven
59%
Smolyan
59%
Stara Zagora
59%
Gabrovo
53%
Targovishte
53%
Sofia Province
29%
No matching quizzes found
Score Distribution
Percent of People with Each Score
Percentile by Number Answered
Your Score History
You have not taken this quiz